Storage and Control of Stock: For Commerce, Industry and Public Undertakings. (Record no. 4855)

MARC details
005 - DATE AND TIME OF LATEST TRANSACTION
control field 20250624120556.0
020 ## - INTERNATIONAL STANDARD BOOK NUMBER
International Standard Book Number 0-273-02504-x
082 ## - DEWEY DECIMAL CLASSIFICATION NUMBER
Classification number 658.78 JES
100 ## - MAIN ENTRY--PERSONAL NAME
Author name JESSOP, D.
245 ## - TITLE STATEMENT
Title Storage and Control of Stock: For Commerce, Industry and Public Undertakings.
250 ## - EDITION STATEMENT
Edition statement 4th Ed,
260 ## - PUBLICATION, DISTRIBUTION, ETC.
Place of publication, distribution, etc. London,
Name of publisher, distributor, etc. JESSOP, D.
Date of publication, distribution, etc. 1986.
300 ## - PHYSICAL DESCRIPTION
Extent xi, 307p; ill figure, picture & table
Other physical details Appendix & Index
Dimensions 21.5cm
700 ## - ADDED ENTRY--PERSONAL NAME
Other authors/Editors MORRISON, A.
942 ## - ADDED ENTRY ELEMENTS (KOHA)
Source of classification or shelving scheme Dewey Decimal Classification
Koha item type Books

No items available.